Ako interpretovať výsledky spotrebiteľského prieskumu v kultúre

Možnosti využitia a interpretácie výsledkov spotrebiteľského prieskumu pri tvorbe marketingovej stratégie v kultúre. Prieskum vykonaný v roku 2004 na vzorke 800 respondentov bratislavských vysokých škôl. Výsledky sa týkajú motivačných faktorov, bariér a očakávaní študentov od návštevy operných a bal...

Full description

Saved in:
Bibliographic Details
Main Author: Tajtáková, Mária
Other Authors: Klepochová, Dagmar, 1968-
Format: Book Chapter
Language:Slovak
Subjects:
Tags: Add Tag
No Tags, Be the first to tag this record!

MARC

LEADER 00000naa$a2200000$$$4500
001 0047839
005 20240502071541.8
041 0 |a slo 
044 |a SK 
245 1 0 |a Ako interpretovať výsledky spotrebiteľského prieskumu v kultúre  |c Mária Tajtáková, Dagmar Klepochová 
520 |a Možnosti využitia a interpretácie výsledkov spotrebiteľského prieskumu pri tvorbe marketingovej stratégie v kultúre. Prieskum vykonaný v roku 2004 na vzorke 800 respondentov bratislavských vysokých škôl. Výsledky sa týkajú motivačných faktorov, bariér a očakávaní študentov od návštevy operných a baletných predstavení. Návrh konkrétnych marketingových nástrojov a možností ich využitia na prilákanie mladých spotrebiteľov k opere a baletu. 
610 2 0 |a marketing 
610 2 0 |a kultúra 
610 2 0 |a spotrebitelia 
610 2 0 |a prieskum spotrebiteľský 
610 2 0 |a študenti 
610 2 0 |a motivácia 
100 1 |a Tajtáková, Mária 
700 1 |a Klepochová, Dagmar, 1968-